000 00305nam a22001337a 4500
008 171222b xxu||||| |||| 00| 0 eng d
020 _a1929475004
041 _aeng
080 _a616.31
100 _a5
101 _aSHM
245 _aCLINICAL GUIDE TO PROSTHODONTICS
_cHOFFMAN.J.M
942 _2udc
_cBK
999 _c39321
_d39321